| 000 | 00983nam a2200253 i 4500 | ||
|---|---|---|---|
| 001 | 39523 | ||
| 003 | ES-MaACL | ||
| 005 | 20250627024833.0 | ||
| 007 | t| | ||
| 008 | 030303s1871 sp ||||1| spa d | ||
| 080 | _a821.134.2 Calderón de la Barca, Pedro 2.06 | ||
| 100 | 1 |
_aCanalejas, Francisco de Paula, _d1834-1883 _934381 _eaut |
|
| 245 | 1 | 0 | _aDiscurso del Sr. D. Francisco de Paula Canalejas... en la Real Academia Española en la sesión... inaugural de 1871. |
| 260 |
_aMadrid : _b[s.n.], _c1871 _f(M. Rivadeneyra) |
||
| 300 |
_a52 páginas ; _c27 cm. |
||
| 594 | _aTema: Los autos sacramentales de D. Pedro Calderón de la Barca. | ||
| 600 | 1 | 4 |
_aCalderón de la Barca, Pedro- _xCrítica e interpretación _933614 |
| 710 | 2 |
_aReal Academia Española _96336 _ehis |
|
| 852 | 4 |
_aES-MaACL _jL-4914 (22-9) _cDEPO2 _hDonativo Roda |
|
| 852 | 4 |
_aES-MaACL _jT-118-F-10 _cDEPOF |
|
| 852 | 4 |
_aES-MaACL _jK-142 (7) |
|
| 942 |
_2udc _cMONANT _n0 |
||
| 999 |
_c39523 _d39523 |
||